50 films à remplir - 1991 - Statistiques

Statistiques générales
  • Ce quiz a été pris 145 fois
  • Le résultat moyen est 30 sur 50
Statistiques - réponses
Hint Réponse % Correct
La Famille ... Addams
91%
Le ... des agneaux Silence
90%
La Belle et la ... Bête
89%
J...K F
88%
Lucky ... Luke
88%
Madame ... Bovary
84%
Van ... Gogh
83%
Robin des Bois - ... des voleurs Prince
83%
Mon père, ce ... Héros
81%
Les ... à vif Nerfs
81%
L'Opération ... Beef Corned
80%
Une époque ...... Formidable
80%
...-Blanc Croc
79%
... ou la revanche du Capitaine Crochet Hook
79%
... 2 - Le Jugement dernier Terminator
78%
... et Louise Thelma
78%
Point ... - Extrême Limite Break
77%
Ma vie est un ... Enfer
75%
Tous les matins du ... Monde
75%
La ... sur un fil Vie
72%
Les ... du Pont-Neuf Amants
71%
Épouses et ... Concubines
67%
... Shots! Hot
67%
... Impact Double
66%
... de vie Chienne
62%
Y a-t-il un flic pour sauver le ... ? Président
62%
La Double Vie de ... Véronique
62%
Le Pas suspendu de la ... Cigogne
60%
Boyz'n the ... - La Loi de la rue Hood
58%
... de tomates vertes Beignets
57%
... (comédie noire dans une France post-apocalyptique) Delicatessen
56%
... King - Le Roi pêcheur Fisher
56%
Il était une fois en ... Chine
53%
Barton ... Fink
52%
... le héros Toto
51%
Les ... avec mon ennemi Nuits
49%
..., le retour Highlander
48%
Le Dernier ... Samaritain
47%
Jungle ... Fever
46%
La ... noire Liste
44%
L'Assassin du ... Tsar
43%
Le Prince des ... Marées
35%
Le ... nu Festin
32%
... goutte à goutte Souvenirs
32%
My Own Private ... Idaho
28%
La Vie, l'Amour, les ... Vaches
26%
Les ... Doors
17%
... Commitments Les
16%
A ... at the Sea Scene
14%
La ... Chair
10%
Aucun quiz correspondant
Distribution des résultats
% des personnes avec chaque résultat
Percentile par nombre de réponses
Votre historique - résultats
Vous n’avez pas pris ce quiz